La interacción crítica : (Registro nro. 51199)
[ vista simple ]
| 000 -LÍDER | |
|---|---|
| Campo fijo de descripción fija | 01323cab a2200217 i 4500 |
| 001 - NÚMERO DE CONTROL | |
| Campo de control | 768714001 |
| 003 - IDENTIFICADOR DEL NÚMERO DE CONTROL | |
| Campo de control | CO-MdFUSB |
| 005 - FECHA Y HORA DE LA ULTIMA TRANSACCIÓN | |
| control field | 20230111091536.0 |
| 008 - ELEMENTOS DE LONGITUD FIJA -- INFORMACIÓN GENERAL | |
| Campo fijo de descripción fija -- Información general | 180615s1997 gt ||||| |||| 00| 0 spa d |
| 022 ## - NÚMERO INTERNACIONAL NORMALIZADO PARA PUBLICACIONES SERIADAS | |
| Número Internacional Normalizado para Publicaciones Seriadas | 1014-9341 |
| 040 ## - FUENTE DE CATALOGACIÓN | |
| Agencia Catalogadora | CO-MdFUSB |
| Idioma de catalogación | spa |
| Agencia que realiza la transcripción | CO-MdFUSB |
| Agencia que realiza la modificación | CO-MdFUSB |
| 041 ## - CÓDIGO DE IDIOMA | |
| Código de idioma para texto/pista de sonido o título separado | spa |
| 100 1# - ASIENTO PRINCIPAL--NOMBRE PERSONAL | |
| Nombre personal | Calheiros, Izes |
| Término relacionador | autor |
| 245 13 - TÍTULO | |
| Título | La interacción crítica : |
| Subtitulo | trabajo conjunto de la iglesia y la escuela en el desarrollo del liderazgo |
| Mención de responsabilidad | / Licda. Izes Calheiros |
| 300 ## - DESCRIPCIÓN FÍSICA | |
| Extensión | Número 20 (Enero - Junio, 1997), páginas 51-62 |
| Dimensiones | ; 22 cm |
| 520 ## - NOTA DE RESUMEN, ETC. | |
| Nota de sumario, etc. | La educación teológica está sufriendo una serie de crisis en América Latina. Hay iglesias y pastores que no están satisfechos con el trabajo que están haciendo los seminarios e institutos bíblicos. Por otro lado, los profesores y administradores de instituciones de educación teológica no están satisfechos con lo que está sucediendo en las iglesias. Esta ponencia intenta dar unas bases para desarrollar un trabajo conjunto entre seminarios e iglesia para formar el liderazgo sano y eficaz. |
| 650 #7 - ASIENTO SECUNDARIO DE MATERIA - TERMINO TEMÁTICO | |
| 9 (RLIN) | 933 |
| Término temático o nombre geográfico como elemento de entrada | Misiones |
| Subdivisión general | Obra educativa |
| 773 0# - ASIENTO DE ITEM FUENTE | |
| Título | Kairós |
| Biblionumber | 49489 |
| Itemnumber | 61203 |
| Parte(s) relacionada(s) / Volumen., número. (mes año), páginas | Número 20 (Enero - Junio, 1997), páginas 51-62 |
| Enumeración y primera página | Página 51 |
| 773 0# - ASIENTO DE ITEM FUENTE | |
| Biblionumber | 49489 |
| Itemnumber | 81310 |
| Parte(s) relacionada(s) / Volumen., número. (mes año), páginas | Número 20 (Enero - Junio, 1997), páginas 51-62 |
| Enumeración y primera página | Página 51 |
| Título | Kairós |
| 942 ## - TIPO DE MATERIAL (KOHA) | |
| Tipo de Item KOHA | Artículos de Revista |
No hay ítems disponibles.
